=LDR 00000nam 2200000 4500 =001 INLIS000000000002867 =005 20200921093047 =035 ##$$a 0010-061300000002867 =008 200921################g##########0#ind## =041 ##$$a Ind =090 ##$$a 155.2Nya b =100 ##$$a Hyatt, Carole =245 1#$$a Bila Orang-Orang Piawai Gagal /$c Carole Hyatt, Linda Gottlieb ; alih bahasa Moh. Ya'kub Suyuti =260 ##$$a Jakarta :$b Gaya Media Pratama,$c 1995 =300 ##$$a viii, 354 hlm ; $c 14 x 20 cm =650 #4$$a Kegagalan =082 ##$$a 158.1 =084 ##$$a 158.1 HYA b =250 ##$$a Cet.1 =700 #$$a Gottlieb, Linda =504 ##$$a Bibliografi : hlm.351 - 354 =990 ##$$a 81.751/Pb.95 =990 ##$$a 92.904 pb.96 =990 ##$$a 00046175 =990 ##$$a 108.204 pb.97 =990 ##$$a 92.905 pb.96